Vista normal
Vista MARC
Entrada Nombre corporativo
Número de registros utilizados en: 3
001 - NÚMERO DE CONTROL
- campo de control: 57967
003 - IDENTIFICADOR DEL NÚMERO DE CONTROL
- campo de control: OSt
005 - FECHA Y HORA DE LA ÚLTIMA TRANSACCIÓN
- campo de control: 20230526111405.0
008 - DATOS DE LONGITUD FIJA
- campo de control de longitud fija: 200615|| aca||aabn | a|a d
040 ## - FUENTE DE LA CATALOGACIÓN
- Centro catalogador/agencia de origen: OSt
- Centro/agencia transcriptor: OSt
110 1# - ENCABEZAMIENTO-NOMBRE DE ENTIDAD CORPORATIVA
- Nombre de entidad corporativa o nombre de jurisdicción como elemento de entrada: Instituto de Desarrollo y Crédito Cooperativo
370 ## - LUGAR ASOCIADO
- Lugar de nacimiento: República Dominicana
410 2# - TRAZADO DE VÉASE--NOMBRE DE ENTIDAD CORPORATIVA
- Nombre de entidad corporativa o nombre de jurisdicción como elemento de entrada: IDECOOP
670 ## - FUENTE DE DATOS ENCONTRADOS
- Cita de la fuente: Work cat.: (OSt)31181: Carrasco, Nelson Eddy, 1940- 14000, ¿Existe relación de trabajo entre el socio trabajador y su empresa cooperativa de producción y trabajo? /, 1990.
670 ## - FUENTE DE DATOS ENCONTRADOS
- Cita de la fuente: Cooperativismo dominicano en cifras, 1994
- Información encontrada: En la cubierta; (Instituto de Desarrollo y Crédito Cooperativo; IDECOOP)
